| 000 | 00971nam a2200253 a 4500 | ||
|---|---|---|---|
| 001 | BRL_1082 | ||
| 005 | 20190320211027.0 | ||
| 008 | 081113c1990----nyuo######---#000-0#eng-# | ||
| 020 | _a0810911825 | ||
| 041 | _aeng | ||
| 044 | _anyu | ||
| 050 | 4 |
_aNK844 _b.O35 1990 |
|
| 100 | 1 |
_aOettinger, Marion _94324 |
|
| 245 | 1 | 0 |
_aFolk Treasures of Mexico _bThe Nelson A. Rockefeller Collection in the San Antonio Museum of Art and the Mexican Museum, San Francisco. _cMarion Oettinger ; preface by Ann Rockefeller Ropberts ; introduction by Avon Neal ; plate photographs by Lee Boltin and John Dyer. |
| 260 |
_aNueva York _bHarry N. Abrams _c1990 |
||
| 300 |
_a223 p. _bil. _c29 cm. |
||
| 500 | _aAu1221 | ||
| 504 | _aBibliografĂa: p. 211-214 | ||
| 600 | 1 | 4 |
_aRockefeller, Nelson A. _d1908-1979 _q(Nelson Aldrich) _xColeccionistas y colecciones _925764 |
| 650 | 1 | 4 |
_aArte popular _zMéxico _9882 |
| 710 | 2 |
_aSan Antonio Museum of Art _921597 |
|
| 902 | _aGRL | ||
| 942 |
_2lcc _cB |
||
| 999 |
_c9894 _d9894 |
||